Normal view
MARC view
- GRABBE, EUGENE M,RAMO, SIMON,WOOLDRIDGE, DEAIN E
Entry Personal Name
001 - CONTROL NUMBER
- control field: 80312
003 - CONTROL NUMBER IDENTIFIER
- control field: NUST
005 - DATE AND TIME OF LATEST TRANSACTION
- control field: 20210628210636.0
008 - FIXED-LENGTH DATA ELEMENTS
- fixed length control field: 210628|| aca||aabn | a|a d
040 ## - CATALOGING SOURCE
- Original cataloging agency: NUST
- Transcribing agency: NUST
100 ## - HEADING--PERSONAL NAME
- Personal name: GRABBE, EUGENE M,RAMO, SIMON,WOOLDRIDGE, DEAIN E
670 ## - SOURCE DATA FOUND
- Source citation: Work cat.: (NUST): GRABBE, EUGENE M,RAMO, SIMON,WOOLDRIDGE, DEAIN E, HANDBOOK OF AUTOMATION COMPUTATION AND CONTROL SYSTEMS AND COMPONENTS, 1961
